000 00969 a2200241 4500
003 NUST
005 20221103141030.0
010 _a 74023954
020 _a0070651426
040 _cNust
082 0 0 _a510.240901,TRE
100 1 _aTremblay, Jean-Paul
_997755
245 1 0 _aDiscrete mathematical structures with applications to computer science /
_cJ. P. Tremblay, R. Manohar.
260 _aNew York :
_bMcGraw-Hill,
_c[1975]
300 _axvi, 606 p. :
_bill. ;
_c24 cm.
490 0 _aMcGraw-Hill computer science series
505 _aMathematical logic(Page-1), Normal forms (Page-50), Set theory(Page-104), Algebraic structures(Page-270), Lattices and boolean algebra(Page-378), Graph theory(Page-468), Introduction to computability theory(Page-557), Appendix(Page-585).
650 0 _aElectronic data processing.
650 0 _aMachine theory.
_918056
650 0 _aMathematics.
700 1 _aManohar, R.,
_d1925-
_9102329
942 _2ddc
_cBK
_k510.240901,TRE
999 _c176884
_d176884